000 00665nam a2200217 u 4500
005 20240910063938.0
008 090527s2000 r 000 0 eng d
020 _a8426110207
035 _aUPN01000170727
049 _aI
050 4 _aPZ75
_bB5.28
100 1 _aBlyton, Enid,
_d1897-1968
_931287
245 1 1 _a¡Buen trabajo, siete secretos! /
_cEnid Blyton ; tr. de Ana Balzola.
260 _aBarcelona, Esp. :
_bJuventud,
_c2000.
300 _a112 p. :
_bil.
440 0 _aSiete secretos ;
_v6
534 _pTitulo original:
_tGood work secret seven
650 4 _aNiños en la literatura
_914415
650 0 _aHistorias de aventuras
_94131
901 _aLibro
999 _c142832
_d142832